[Event "SVK-ch U18/20"]
[Site "Tatralandia"]
[Date "2025.05.17"]
[Round "8"]
[White "Osvald, Jakub"]
[Black "Lichvar, Simon"]
[Result "1-0"]
[WhiteElo "1659"]
[BlackElo "1773"]
[PlyCount "41"]
[EventDate "2025.05.11"]
[EventType "swiss"]
[EventRounds "9"]
[EventCountry "SVK"]
[SourceTitle "CB21_2025"]
[SourceDate "2025.05.21"]
[SourceVersion "1"]
[SourceVersionDate "2025.05.21"]
[SourceQuality "1"]

1. d4 Nf6 2. c4 c5 3. d5 d6 4. Nc3 e6 5. e4 g6 6. h3 Bg7 7. Nf3 0-0 8. Bd3 Re8 9. 0-0 Nbd7 10. Re1 h6 11. a4 a6 12. Be3 Nh5 13. Nd2 Qf6 14. Be2 Nf4 15. Nf3 exd5 16. Bxf4 Qxf4 17. Nxd5 Qxe4 18. Bd3 Qxe1+ 19. Nxe1 Bxb2 20. Rb1 Bd4 21. Nc7 1-0

[Event "SVK-ch U18/20"]
[Site "Tatralandia"]
[Date "2025.05.16"]
[Round "7"]
[White "Lichvar, Simon"]
[Black "Ondrejcak, Gregor"]
[Result "0-1"]
[WhiteElo "1773"]
[BlackElo "1662"]
[PlyCount "42"]
[EventDate "2025.05.11"]
[EventType "swiss"]
[EventRounds "9"]
[EventCountry "SVK"]
[SourceTitle "CB21_2025"]
[SourceDate "2025.05.21"]
[SourceVersion "1"]
[SourceVersionDate "2025.05.21"]
[SourceQuality "1"]

1. d4 Nf6 2. c4 e6 3. Nf3 d5 4. Nbd2 Be7 5. g3 0-0 6. Bg2 Nbd7 7. 0-0 c5 8. e3 Ne4 9. Qc2 f5 10. b3 Bf6 11. Bb2 Qc7 12. Rac1 b6 13. Ne1 Bb7 14. Nd3 Nxd2 15. Qxd2 dxc4 16. Bxb7 Qxb7 17. Nf4 cxb3 18. Nxe6 Rfe8 19. d5 bxa2 20. Bxf6 Nxf6 21. Qxa2 Qxd5 0-1

[Event "SVK-ch U18/20"]
[Site "Tatralandia"]
[Date "2024.04.09"]
[Round "6"]
[White "Lichvar, Simon"]
[Black "Melih, Mario"]
[Result "1-0"]
[WhiteElo "1302"]
[BlackElo "1990"]
[PlyCount "95"]
[EventDate "2024.04.05"]
[EventType "swiss"]
[EventRounds "9"]
[EventCountry "SVK"]
[SourceTitle "CBM 219 Extra"]
[Source "ChessBase"]
[SourceDate "2024.05.31"]
[SourceVersion "1"]
[SourceVersionDate "2024.05.31"]
[SourceQuality "1"]

1. d4 Nf6 2. c4 g6 3. Nf3 Bg7 4. g3 0-0 5. Bg2 d6 6. 0-0 c6 7. Nbd2 Qc7 8. Qc2 a5 9. b3 e5 10. Bb2 Nbd7 11. e3 Nh5 12. g4 Nhf6 13. h3 h6 14. Nh4 Re8 15. f4 exf4 16. exf4 Nf8 17. Rae1 Bd7 18. Ne4 Nxe4 19. Bxe4 Qb6 20. Nf3 Rac8 21. Kg2 d5 22. Bd3 Rxe1 23. Rxe1 Ne6 24. Kg3 Nxd4 25. Nxd4 Bxd4 26. Bxg6 Bf2+ 27. Qxf2 Qxf2+ 28. Kxf2 fxg6 29. Re7 Be8 30. Rxb7 dxc4 31. bxc4 Bf7 32. c5 h5 33. a3 Ra8 34. Kg3 Kf8 35. f5 hxg4 36. hxg4 gxf5 37. gxf5 a4 38. Bc3 Bb3 39. Kf4 Re8 40. Rb6 Rc8 41. f6 Bc4 42. Ke5 Re8+ 43. Kd6 Bb5 44. Rb7 Re3 45. Be5 Rxa3 46. Rxb5 cxb5 47. c6 Ra2 48. Ke6 1-0

[Event "SVK-chT3B2 2324"]
[Site "Slovakia"]
[Date "2024.02.04"]
[Round "7.8"]
[White "Lichvar, Simon"]
[Black "Poruban, Juraj"]
[Result "1-0"]
[WhiteElo "1000"]
[BlackElo "1000"]
[PlyCount "81"]
[EventDate "2023.10.15"]
[EventType "team-tourn"]
[EventRounds "11"]
[EventCountry "SVK"]
[SourceTitle "EXT 2025"]
[Source "ChessBase"]
[SourceDate "2024.10.14"]
[SourceVersion "1"]
[SourceVersionDate "2024.10.14"]
[SourceQuality "1"]
[WhiteTeam "Puchov Vcielka"]
[BlackTeam "Dubnica nad Vahom V"]
[WhiteTeamCountry "SVK"]
[BlackTeamCountry "SVK"]

1. d4 Nf6 2. c4 e6 3. Nf3 d5 4. g3 c5 5. e3 cxd4 6. exd4 Be7 7. Bg2 0-0 8. 0-0 dxc4 9. Nbd2 Qc7 10. Qc2 Nbd7 11. Qxc4 Qxc4 12. Nxc4 Nd5 13. Bd2 b6 14. Rac1 Ba6 15. Rfe1 Bb4 16. Bxb4 Nxb4 17. Nce5 Nxe5 18. Nxe5 Rac8 19. a3 Nc2 20. Red1 Nxd4 21. Rxc8 Rxc8 22. Rxd4 Rc1+ 23. Bf1 Rxf1+ 24. Kg2 g6 25. Rd7 Re1 26. Nxf7 Rb1 27. Rxa7 Rxb2 28. Nh6+ Kf8 29. Rxa6 Ke7 30. Ra4 b5 31. Ra7+ Kd6 32. Ng4 Ra2 33. Ne3 b4 34. Ra6+ Kc7 35. Nc4 Rc2 36. Ne3 b3 37. Ra4 Kc6 38. Nxc2 Kc5 39. Ne3 b2 40. Rb4 b1Q 41. Rxb1 1-0

[Event "SVK-chT3B2 2324"]
[Site "Slovakia"]
[Date "2023.11.19"]
[Round "4.6"]
[White "Lichvar, Simon"]
[Black "Miciak, Emanuel"]
[Result "0-1"]
[WhiteElo "1000"]
[BlackElo "1680"]
[PlyCount "44"]
[EventDate "2023.10.15"]
[EventType "team-tourn"]
[EventRounds "11"]
[EventCountry "SVK"]
[SourceTitle "EXT 2025"]
[Source "ChessBase"]
[SourceDate "2024.10.14"]
[SourceVersion "1"]
[SourceVersionDate "2024.10.14"]
[SourceQuality "1"]
[WhiteTeam "Puchov Vcielka"]
[BlackTeam "Nemsova Horne Srnie"]
[WhiteTeamCountry "SVK"]
[BlackTeamCountry "SVK"]

1. d4 Nf6 2. c4 e6 3. Nc3 d5 4. Nf3 c6 5. Bf4 Nbd7 6. e3 Qa5 7. Qc2 Ne4 8. Bd3 Ndf6 9. 0-0 Nxc3 10. bxc3 dxc4 11. Bxc4 Nd5 12. Bxd5 cxd5 13. Rfe1 Be7 14. Rad1 Bd7 15. Qb2 Bc6 16. c4 0-0 17. Ne5 Ba4 18. Rc1 b6 19. cxd5 exd5 20. Nd3 Bb5 21. Rc7 Bxd3 22. Rec1 Ba3 0-1